Más allá del espejo / (Registro nro. 13598)

Detalles MARC
000 -LEADER
fixed length control field 01065nam a2200289 a 4500
001 - CONTROL NUMBER
control field
003 - CONTROL NUMBER IDENTIFIER
control field DO-SdBNP
005 - DATE AND TIME OF LATEST TRANSACTION
control field 20210722111016.0
008 - FIXED-LENGTH DATA ELEMENTS--GENERAL INFORMATION
fixed length control field 091106s1975 dr a 000 j spa d
040 ## - CATALOGING SOURCE
Original cataloging agency BPMSU
Language of cataloging spa
Transcribing agency BPMSU
082 ## - DEWEY DECIMAL CLASSIFICATION NUMBER
Classification number RD863.44
Item number D542m, 1975
Edition number 22
100 1# - MAIN ENTRY--PERSONAL NAME
Personal name Díaz Grullón, Virgilio,
Dates associated with a name 1924-2001
245 10 - TITLE STATEMENT
Title Más allá del espejo /
Statement of responsibility, etc. Virgilia Díaz Grullón ; presentación Héctor Incháutegui Cabral ; ilustración Victoria Díaz Bonnelly ; estudio crítico Marianne de Tolentino.
260 ## - PUBLICATION, DISTRIBUTION, ETC. (IMPRINT)
Place of publication, distribution, etc. Santo Domingo :
Name of publisher, distributor, etc. Taller,
Date of publication, distribution, etc. 1975
300 ## - PHYSICAL DESCRIPTION
Extent 116 p. :
Other physical details il. ;
Dimensions 21 cm.
490 0# - SERIES STATEMENT
Series statement Arte y sociedad
Volume/sequential designation 1
500 ## - GENERAL NOTE
General note Incluye datos biográficos del autor en la contracubierta
590 ## - LOCAL NOTE (RLIN)
Local note Inventariado, 2021/VM
600 14 - SUBJECT ADDED ENTRY--PERSONAL NAME
Personal name Díaz Grullón, Virgilio
Dates associated with a name 1924-2001
General subdivision Crítica e interpretación
650 #4 - SUBJECT ADDED ENTRY--TOPICAL TERM
Topical term or geographic name as entry element Cuentos dominicanos
650 #4 - SUBJECT ADDED ENTRY--TOPICAL TERM
Topical term or geographic name as entry element Literatura dominicana.
700 12 - ADDED ENTRY--PERSONAL NAME
Personal name Incháustegui Cabral, Héctor
700 1# - ADDED ENTRY--PERSONAL NAME
Personal name Díaz Bonnelly, Víctoria,
Relator term il.
700 1# - ADDED ENTRY--PERSONAL NAME
Personal name Tolentino, Marianne de
910 ## - USER-OPTION DATA (OCLC)
User-option data VMateo M
942 ## - ADDED ENTRY ELEMENTS (KOHA)
Source of classification or shelving scheme Dewey Decimal Classification
Koha item type Libros
Existencias
Withdrawn status Lost status Source of classification or shelving scheme Damaged status Not for loan Collection code Home library Current library Date acquired Source of acquisition Total Checkouts Full call number Barcode Date last seen Price effective from Koha item type
    Dewey Decimal Classification     Colección Dominicana Biblioteca Pública Metropolitana Salomé Ureña Biblioteca Pública Metropolitana Salomé Ureña 07/22/2021 Manuel Ortiz   BPMSU CD RD863.44 D542m, 1975 BPMSU21070039 07/22/2021 07/22/2021 Libros